Comunicaciones en el entorno industrial /

Obra en tres volúmenes que presenta los fundamentos de las comunicaciones industriales (en la Biblioteca del ITESO se cuenta sólo con el v. 3). En éste, se define y se describen los principios básicos relacionados con los sistemas de comunicación empleados en la industria, las características de los...

Täydet tiedot

Tallennettuna:
Bibliografiset tiedot
Muut tekijät: Domingo Peña, Joan (autor) (autor)
Aineistotyyppi: Kirja
Kieli:espanja
Julkaistu: Barcelona, España : Universidad Abierta de Cataluña, 2003, c2003
Sarja:(Biblioteca Multimedia. Industria)
Aiheet:
Tagit: Lisää tagi
Ei tageja, Lisää ensimmäinen tagi!

MARC

LEADER 00000nam^a2200000^a^4500
001 000181891
005 20250521000000.0
009 20260310101946.974
020 |a 84-9788-004-8 
020 |a 84-9788-003-X 
037 |a Acervo ITESO - Biblioteca 
041 |a ESP 
082 |a 621. 38217  |b COM V. 3 
245 0 0 |a Comunicaciones en el entorno industrial /  |c J. Domingo Peña... [et al.]. 
264 4 |a Barcelona, España :  |b Universidad Abierta de Cataluña,  |c 2003, c2003 
300 |a 365 p. +  |e 1 disco compacto de computadora 
336 |a texto  |b txt  |2 rdacontenido 
337 |a sin mediación  |b n  |2 rdamedio 
338 |a volumen  |b nc  |2 rdasoporte 
440 1 |a (Biblioteca Multimedia.  |p Industria) 
520 |a Obra en tres volúmenes que presenta los fundamentos de las comunicaciones industriales (en la Biblioteca del ITESO se cuenta sólo con el v. 3). En éste, se define y se describen los principios básicos relacionados con los sistemas de comunicación empleados en la industria, las características de los principales buses de campo y los conceptos y elementos constitutivos de las redes de área local (LAN) y de área extensa (WAN). 
649 |a XX 
650 |a Información -  |x Administración 
650 |a Automatización 
650 |a Sistemas de Información -  |x Administración 
650 |a Informática 
650 |a Proceso Administrativo -  |x Dirección 
650 |a Bus de Datos 
650 |a Señales y Transmisión de Señales 
650 |a Redes de Area Local 
650 |a Redes de Area Extensa 
650 |a Redes de Computadoras 
650 |a Sistemas de Telecomunicación 
650 |a Comunicación en Red 
650 |a Telecomunicaciones 
650 |a Comunicaciones y Tránsito 
650 |a Ingeniería Computacional 
700 |a Domingo Peña, Joan  |e (autor) 
910 |a Fondo General 
920 |a Impresos - Libros 
930 |a Colección General 
905 |a 101 
901 |a 0500121724  |b IT1  |c ACC  |u 20250521 
901 |a SFW0001332  |b IT2  |c SWS  |u 20250521 
902 |a https://opac.biblio.iteso.mx/vufind/Record/000181891